000 00630nam a2200217Ia 4500
005 20250425162457.0
008 250425s9999 xx 000 0 und d
020 _a9789942033079
041 _aspa
082 _a720.28
100 _aALVAREZ MORANTE, NICOLA
245 0 _aGESTOS EN LA ARQUITECTURA: LA FORMA COMO LENGUAJE DE LA EXPRESION ARQUITECTURA
250 _a1A ED.
260 _aEcuador
_bCENTRO DE INVESTIGACION Y PROYECTOS APLICADOS A LAS CIENCIAS DE LA TIERRA
_c2010
260 _aGUAYAQUIL
300 _a125
650 _aARQUITECTURA
650 _aDISEÑO ARQUITECTONICO
942 _c01
010 _a76631
999 _c230041
_d230041